Bienvenue à la Médiathèque de Saint-Andiol
banniere
Accueil Recherche avancée Mon compte
handi1 Rechercher dans le catalogue

Filtre   Mots-clés
  Recherche avancée
 
Lister les dernières nouveautés
 
Lister les livres GROS CARACTERES
 
Lister les périodiques (magazines)

handi1 Monolithes de Koubé (Les)

Book Cover
Auteur principal : Christophe Bec
Autres auteurs : Milan Jovanovic
Titre : Monolithes de Koubé (Les)
Support : Livres
Langue : Francais
Series : Carthago
Genre : Bande dessinée (adultes)
Sujets :
Étiquettes :
Pas de tags
LEADER 00977nam0a2200205 450
001 16868308
010 |a 978-2-7316-4027-4  |b br.  |d 14,2 € 
100 |a 20240611d2021 u u0frey01 ba 
101 0 |a fre 
102 |a FR 
200 0 |a Monolithes de Koubé (Les)  |f scénario Christophe Bec  |g dessin Milan Jovanovic 
207 1 |a   
215 |a 1 vol. (56 p.)  |c illustrations en couleur  |d 32 cm 
330 |a Tomaison. Alors que le frère du centenaire des Carpates prépare son spectacle à Dubaï pour présenter le mégalodon qu'il prétend avoir trouvé, la carcasse d'un autre de ces requins préhistoriques est retrouvée. Cette découverte relance les hypothèses et risque de compromettre la holding Carthago. 
461 0 |t Carthago  |v 04 
700 0 |a Bec  |b Christophe  |4 70 
701 0 |a Jovanovic  |b Milan  |4 440 
900 |a Bande dessinée (adultes) 
901 |a Adultes 
995 |a Médiathèque  |c Médiathèque  |f 00156009387242  |h 00156009387242  |k BDA BEC CAR 4  |o p  |q a  |r az  |e Médiathèque